000 00493nam a2200181Ia 4500
001 13941
005 20260306164838.0
008 260306t1996||||xx |||||||||||||| ||spa||
041 _aESP
082 _aS 005.74
_bA12
100 _aAbbey, Michael
_eAUT
245 0 _aOracle:
_bGuía de aprendizaje: una completa introducción para los usuarios recién llegados
260 _c1996
300 _axxvi, 480 páginas :
_c24 cm.
650 _aGEN
654 _aCCC
942 _cLIB
_dJUS
_fJUS
_2ddc
_n
999 _c13941
_d13941